00656nam a22001937a 450000500170000001000150001702000270003203500140005903700090007308200170008210000200009924501010011925000070022026000290022727001300025630000220038670000240040870000300043220240709123830.0 aENG-140845 c1150.00a9789356062054 aEN-124377 bDBAD a621.3815212 aWidmer, Neal S. aDigital System:bPrinciples and Application/cBy Neal S. Widmer; Greg Moss [and] Ronald J. Tocci a12 aNew DelhibPearsonc2021 a15th floor,Tower-B,Word Trade Tower,Plot no.1,Block-C sec 16,bNoidae201301k04466540100mcompanysecretary.india@pearson.com a1024p.c25cm(pbk) aMoss, Greg eAuthor aTocci, Ronald J. eAuthor